000 00296 a2200133 4500
005 20250702070808.0
020 _a978-1-444-79759-6
082 _a823.92
100 _aGLENCROSS, T.
245 _aHoffer.
260 _aGreat Britain
_bMURRAY, J.
_c2017.
300 _a225p.:
_c26cm
942 _2ddc
_cBKS
999 _c6525
_d6525